000 00566nam a22001577a 4500
003 macl
005 20181030125938.0
008 181030b xxu||||| |||| 00| 0 eng d
040 _cmacl
082 _a910
100 _aमहेन्‍द्र जैन
_973112
245 _aप्रतियोगिता दर्पण सामान्‍य अध्‍ययन भूगोल (भारत एवं विश्‍व)
260 _aप्रतियोगिता दर्पण
650 _aभू्गोल
_936415
942 _2ddc
_cHIN
999 _c58501
_d58501